Automatizované systémy řízení válcovacích tratí.

Krátky prehľad a analýza počítačových sietí a ich konfigurácie na riadenie technologických procesov, najmä valcovacích tratí. Na príkladoch sa popisujú rozdiely a topológia sietí. Distribuované automatizované systémy riadenia a ich hierarchia. Pojem lokálneho, procesného a prevádzkového počítača.

Gespeichert in:
Bibliographische Detailangaben
1. Verfasser: Horňák, R.
Format: Buchkapitel
Sprache:Tschechisch
Schlagworte:
Tags: Tag hinzufügen
Keine Tags, Fügen Sie das erste Tag hinzu!

MARC

LEADER 00000naa a2200000 4500
001 r013217
005 20221205075529.9
041 0 |a cze 
044 |a CZ 
245 1 0 |a Automatizované systémy řízení válcovacích tratí.  |c R. Horňák 
520 |a Krátky prehľad a analýza počítačových sietí a ich konfigurácie na riadenie technologických procesov, najmä valcovacích tratí. Na príkladoch sa popisujú rozdiely a topológia sietí. Distribuované automatizované systémy riadenia a ich hierarchia. Pojem lokálneho, procesného a prevádzkového počítača. 
610 2 0 |a ASRTP 
610 2 0 |a siete počítačové 
610 2 0 |a priemysel strojársky 
610 2 0 |a počítače 
610 2 0 |a distribúcia 
610 2 0 |a systémy počítačové distribuované 
100 1 |a Horňák, R.